000
00357nam a2200157Ia 4500
003
OSt
005
20240329162505.0
008
170524s9999 xx 000 0 und d
020
_a
978-8121918053
040
_c
iimtu meerut
100
_a
Singh/Duggal
100
_c
2007
245
0
_a
HUMAN RESOURCE MANAGEMENT
260
_a
Sun India Pub
942
_2
ddc
_c
02
999
_c
2298
_d
2298